Trade Protectionism and International Monetary Order Recalling the Relevance of Past Experience

Guardado en:
Detalles Bibliográficos
Autor principal: Donges, Jurgen B.
Formato: Libro
Lenguaje:inglés
Publicado: Kiel Institut für Weltwirtschaft 1987
Edición:1. ed.
Colección:Working Paper No.304
Etiquetas: Agregar Etiqueta
Sin Etiquetas, Sea el primero en etiquetar este registro!

MARC

LEADER 00000nam a2200000 4500
001 c028806
005 20221219120739.7
041 0 |a eng 
044 |a DE 
245 1 0 |a Trade Protectionism and International Monetary Order  |b Recalling the Relevance of Past Experience  |c Juergen B. Donges 
250 |a 1. ed. 
264 1 |a Kiel  |b Institut für Weltwirtschaft  |c 1987 
300 |a 35 s. 
490 1 |a Working Paper  |v No.304 
830 0 |a Working Paper  |v No.304 
100 1 |a Donges, Jurgen B.